000 00345nam a22001337a 4500
040 _cNUST
082 _a891.439,KHA
100 _aKhan, Muhammad
_99704
245 _aBajang Amad / بجنگ آمد (Urdu) /
_cMuhammad Khan
260 _aLahore
_bGalib
_c1992
300 _a224 p.;
650 _aUrdu literature
942 _2ddc
_cBK
_k891.439,KHA
999 _c593585
_d593585